Heat and Mass Transfer at Ignition of Solid Condensed Substance with Relatively Low Calorific Power by a Local Energy Source; Journal of Engineering Thermophysics; Vol. 21, iss. 1

Bibliographic Details
Parent link:Journal of Engineering Thermophysics: Scientific Journal.— , 1991-
Vol. 21, iss. 1.— 2012.— [P. 69-77]
Main Author: Glushkov D. O. Dmitry Olegovich
Corporate Author: Национальный исследовательский Томский политехнический университет Энергетический институт Кафедра теоретической и промышленной теплотехники
Other Authors: Strizhak P. A. Pavel Alexandrovich
Summary:Title screen
Macroscopic laws of heat and mass transfer at gas-phase ignition of solid condensed substance with relatively low calorific power by a typical local energy source, namely, a small hot metal particle shaped as a parallelepiped, are investigated. The proposed model takes into account a group of interrelated processes of heat and mass transfer with thermal decomposition and chemical reaction in the interaction of solid and a source with limited energy content. The influence of the heat content of a local energy source on the characteristics of the process is analyzed.
Режим доступа: по договору с организацией-держателем ресурса
Language:English
Published: 2012
Subjects:
Online Access:http://dx.doi.org/10.1134/S1810232812010079
Format: MixedMaterials Electronic Book Chapter
KOHA link:https://koha.lib.tpu.ru/cgi-bin/koha/opac-detail.pl?biblionumber=649390

MARC

LEADER 00000naa0a2200000 4500
001 649390
005 20250305093028.0
035 |a (RuTPU)RU\TPU\network\14552 
035 |a RU\TPU\network\14540 
090 |a 649390 
100 |a 20160708d2012 k||y0rusy50 ba 
101 0 |a eng 
102 |a US 
135 |a drnn ---uucaa 
181 0 |a i  
182 0 |a b 
200 1 |a Heat and Mass Transfer at Ignition of Solid Condensed Substance with Relatively Low Calorific Power by a Local Energy Source  |f D. O. Glushkov, P. A. Strizhak 
203 |a Text  |c electronic 
300 |a Title screen 
320 |a [References: 19 tit.] 
330 |a Macroscopic laws of heat and mass transfer at gas-phase ignition of solid condensed substance with relatively low calorific power by a typical local energy source, namely, a small hot metal particle shaped as a parallelepiped, are investigated. The proposed model takes into account a group of interrelated processes of heat and mass transfer with thermal decomposition and chemical reaction in the interaction of solid and a source with limited energy content. The influence of the heat content of a local energy source on the characteristics of the process is analyzed. 
333 |a Режим доступа: по договору с организацией-держателем ресурса 
461 |t Journal of Engineering Thermophysics  |o Scientific Journal  |d 1991- 
463 |t Vol. 21, iss. 1  |v [P. 69-77]  |d 2012 
610 1 |a электронный ресурс 
610 1 |a труды учёных ТПУ 
610 1 |a тепломассообмен 
610 1 |a энергия 
610 1 |a частицы 
610 1 |a исследование 
610 1 |a влияние 
610 1 |a твердое тело 
700 1 |a Glushkov  |b D. O.  |c specialist in the field of power engineering  |c Professor, Director of the ISHFVP of the Tomsk Polytechnic University, Doctor of Technical Sciences  |f 1988-  |g Dmitry Olegovich  |3 (RuTPU)RU\TPU\pers\32471  |9 16419 
701 1 |a Strizhak  |b P. A.  |c Specialist in the field of heat power energy  |c Doctor of Physical and Mathematical Sciences (DSc), Professor of Tomsk Polytechnic University (TPU)  |f 1985-  |g Pavel Alexandrovich  |3 (RuTPU)RU\TPU\pers\30871  |9 15117 
712 0 2 |a Национальный исследовательский Томский политехнический университет  |b Энергетический институт  |b Кафедра теоретической и промышленной теплотехники  |3 (RuTPU)RU\TPU\col\18679  |9 27132 
801 2 |a RU  |b 63413507  |c 20160708  |g RCR 
856 4 |u http://dx.doi.org/10.1134/S1810232812010079 
942 |c CF